[Event "Summer Cup"]
[Site "Wellington Chess Club"]
[Date "2020.02.27"]
[Round "4.13"]
[White "Farrington, Lawrence"]
[Black "He, Caleb"]
[Result "1/2-1/2"]
[WhiteElo "1646"]
[BlackElo "1913"]

1. e4 c5 2. Nf3 g6 3. c3 Bg7 4. d4 cxd4 5. cxd4 Nf6 6. Nc3 O-O 7. e5 Ne8 8. Bc4
d6 9. O-O Nc6 10. Bf4 Bg4 11. Bd5 dxe5 12. dxe5 Nxe5 13. Bxb7 Qxd1 14. Nxd1 Rb8
15. Nxe5 Bxe5 16. Bxe5 Rxb7 17. Ne3 Be6 18. b3 Nf6 19. f3 Nd5 20. Nxd5 Bxd5 21.
Rac1 Be6 22. Rc5 Rd8 {(=)} 1/2-1/2

[Event "Summer Cup"]
[Site "Wellington Chess Club"]
[Date "2020.02.27"]
[Round "4.14"]
[White "Ross, Matt"]
[Black "Stannard, Lars"]
[Result "1/2-1/2"]
[WhiteElo "1904"]
[BlackElo "1511"]

1. e4 e5 2. Nc3 Nf6 3. Bc4 Bc5 4. Qf3 d6 5. Nge2 Qe7 6. Nd5 Nxd5 7. Bxd5 c6 8.
Bb3 Be6 9. c3 Bxb3 10. axb3 Nd7 11. O-O O-O 12. Ng3 Qf6 13. d3 Qxf3 14. gxf3
Nf6 15. Be3 Bb6 16. h3 c5 17. Nf5 Rfd8 18. Kh2 d5 19. c4 dxc4 20. dxc4 Nh5 21.
Ne7+ Kf8 22. Nd5 Rd6 23. b4 Rc8 24. bxc5 Bxc5 25. Bxc5 Rxc5 26. Rxa7 g6 27. Rc1
b5 28. b4 Rxc4 29. Rxc4 bxc4 30. Rc7 Nf4 31. Nxf4 exf4 32. Rxc4 Rd2 33. Kg2 Rb2
34. e5 g5 35. h4 h6 36. Re4 Ke7 37. hxg5 hxg5 38. Kh3 Rxf2 39. Kg4 Rg2+ 40. Kf5
Rg3 41. b5 Rxf3 42. Rb4 Rc3 43. Kxg5 f3 44. b6 f2 45. Rb1 Ke6 46. b7 f1=Q 47.
Rxf1 Rb3 48. Rf6+ Kxe5 49. Rxf7 Kd6 50. Rh7 Kc6 51. Rh4 Kxb7 52. Rc4 Rb5+ 53.
Kf4 Rh5 54. Ke3 Kb6 55. Kd3 Rh3+ 56. Kc2 Kb5 57. Rc8 Rh2+ 58. Kc3 Rh3+ 59. Kd4
Rh4+ 60. Kd5 Rh5+ 61. Kd6 Rh6+ 62. Kc7 Rc6+ 63. Kb7 Rxc8 64. Kxc8 1/2-1/2

[Event "Summer Cup"]
[Site "Wellington Chess Club"]
[Date "2020.02.27"]
[Round "4.15"]
[White "Yu, Johnson"]
[Black "Webster, Jamie"]
[Result "1-0"]
[WhiteElo "1193"]
[BlackElo "1825"]

1. d4 Nf6 2. c4 e6 3. Nc3 Bb4 4. Bf4 Ne4 5. Qc2 Nxc3 6. bxc3 Be7 7. e4 d5 8.
Bd3 c5 9. Nf3 Nc6 10. cxd5 exd5 11. exd5 Qxd5 12. O-O O-O 13. Bxh7+ Kh8 14. Be4
Qh5 15. Rfe1 Bf6 16. Bd6 Be7 17. dxc5 Bxd6 18. cxd6 Bd7 19. Rad1 Rac8 20. Rd5
Qh6 21. Qa4 Rfd8 22. Qb5 Ne5 23. Nxe5 Bxb5 24. Nxf7+ Kg8 25. Nxh6+ gxh6 26.
Rxb5 Rxd6 27. Rxb7 Re8 28. Bh7+ Kf8 29. Rxe8+ Kxe8 30. g4 1-0

[Event "Summer Cup"]
[Site "Wellington Chess Club"]
[Date "2020.02.27"]
[Round "4.17"]
[White "Dunlop, Rafe"]
[Black "Tanoi, Edward"]
[Result "0-1"]
[WhiteElo "1307"]
[BlackElo "2001"]

1. e4 e5 2. Nf3 Nc6 3. Bb5 a6 4. Ba4 Nf6 5. O-O Be7 6. d3 d6 7. c3 O-O 8. h3 b5
9. Bc2 Na5 10. Be3 c5 11. d4 Qc7 12. Nbd2 Re8 13. Qe2 exd4 14. cxd4 cxd4 15.
Nxd4 Bf8 16. Rac1 Qb7 17. Bf4 Nd5 18. Bg3 Qb6 19. Qd3 Nb4 20. Qe3 Nxa2 21. Ra1
Nb4 22. Qc3 Nxc2 23. Nxc2 Nc6 24. Nf3 Bb7 25. Rad1 Ne5 26. Bxe5 dxe5 27. Nxe5
Rac8 0-1

[Event "Summer Cup"]
[Site "Wellington Chess Club"]
[Date "2020.02.27"]
[Round "4.18"]
[White "Rossiter, Philip"]
[Black "Osborne, Geoff"]
[Result "1-0"]
[WhiteElo "1901"]
[BlackElo "1343"]

1. c4 Nf6 2. Nc3 g6 3. Nf3 Bg7 4. d4 O-O 5. Bg5 d6 6. e3 b6 7. Bd3 Nbd7 8. O-O
e5 9. Qc2 Qe8 10. Nd2 h6 11. Bh4 h5 12. Rae1 c6 13. f4 Ng4 14. dxe5 dxe5 15. f5
Nc5 16. fxg6 Nxd3 17. gxf7+ Rxf7 18. Qxd3 Qf8 19. h3 Bf5 20. e4 Rd8 21. Qxd8
Qxd8 22. Bxd8 Be6 23. Rxf7 Bxf7 24. hxg4 1-0

[Event "Summer Cup"]
[Site "Wellington Chess Club"]
[Date "2020.02.27"]
[Round "4.19"]
[White "Symon, Christopher"]
[Black "Van der Hoorn, Thomas"]
[Result "1-0"]
[WhiteElo "1300"]
[BlackElo "1721"]

1. Nf3 d5 2. c4 e6 3. d4 Nf6 4. Nc3 c5 5. Bf4 Nc6 6. e3 cxd4 7. exd4 Bb4 8. a3
Bxc3+ 9. bxc3 O-O 10. Bd3 dxc4 11. Bxc4 Nd5 12. Bxd5 exd5 13. O-O Bg4 14. h3
Bh5 15. Qd3 Bg6 16. Qb5 Qd7 17. Rfe1 Rfe8 18. c4 Be4 19. Nd2 Rad8 20. Nxe4 Rxe4
21. Rxe4 dxe4 22. d5 Nd4 23. Qxd7 Rxd7 24. Be5 Nb3 25. Re1 Nc5 26. Bd4 b6 27.
Bxc5 bxc5 28. Rxe4 f5 29. Re8+ Kf7 30. Rc8 Re7 31. Rxc5 Re1+ 32. Kh2 Re5 33. f4
Re4 34. g3 Re2+ 35. Kg1 Re3 36. Rc7+ Kf8 37. Rxa7 Rxg3+ 38. Kh2 Rc3 39. Rc7
Rxa3 40. c5 Ra8 41. d6 Rd8 42. d7 Ke7 43. c6 Kd6 44. Rc8 Rxd7 45. cxd7 Kxd7 46.
Rh8 h6 47. Rh7 Ke6 48. Rxg7 Kf6 49. Ra7 Kg6 50. Ra6+ Kh5 51. Kg2 1-0

[Event "Summer Cup"]
[Site "Wellington Chess Club"]
[Date "2020.02.27"]
[Round "4.20"]
[White "Stracy, Don"]
[Black "Winsley, Nicholas"]
[Result "0-1"]
[WhiteElo "1608"]
[BlackElo "1565"]

1. e4 c5 2. Nf3 Nc6 3. d4 cxd4 4. Nxd4 Nf6 5. Nc3 e6 6. Be3 Bb4 7. Bd3 d5 8.
Bb5 Bd7 9. exd5 Nxd5 10. Qd2 Rc8 11. O-O Nxe3 12. Qxe3 Nxd4 13. Bxd7+ Qxd7 14.
Rac1 Bxc3 15. bxc3 Nf5 16. Qf3 Qc6 17. Qxc6+ Rxc6 18. Rfd1 Ne7 19. Rd3 Nd5 20.
c4 Rxc4 21. Rb3 b6 22. Ra3 a5 23. Rb3 O-O 24. Kf1 Rfc8 25. Rb2 Nb4 26. Ke1 Nd3+
0-1

[Event "Summer Cup"]
[Site "Wellington Chess Club"]
[Date "2020.02.27"]
[Round "4.21"]
[White "Goodwillie, Craig"]
[Black "Darr, Samuel"]
[Result "1/2-1/2"]
[WhiteElo "1900"]
[BlackElo "1592"]

1. e4 e6 2. d4 d5 3. exd5 exd5 4. Bd3 Nf6 5. h3 c5 6. Ne2 Nc6 7. dxc5 Bxc5 8.
c3 O-O 9. Nd2 a6 10. Nf3 Re8 11. O-O Ne5 12. Nxe5 Rxe5 13. Bf4 Re7 14. Qc2 h6
15. Rad1 Be6 16. Be5 Nd7 17. Bg3 Qb6 18. Bh4 Ree8 19. Qd2 Ne5 20. Bb1 Bxh3 21.
Qc2 Ng6 22. Bg3 Bg4 23. Rde1 Bxe2 24. Rxe2 Bd6 25. Bxd6 Qxd6 26. Rfe1 Qc6 27.
Qd2 Rxe2 28. Rxe2 Rd8 29. Qd4 Qc4 30. Qxc4 dxc4 31. Bxg6 fxg6 32. Re4 Rd1+ 33.
Kh2 Rd2 34. Rxc4 Rxb2 35. a4 Rxf2 36. Rb4 Rf7 37. Kg3 Kf8 38. Kg4 Ke8 39. Rb6
g5 40. Kh5 Kd8 41. Kg6 Rc7 42. Rd6+ Kc8 43. Rd3 b5 44. axb5 axb5 45. Rd5 Rb7
46. Rf5 Kb8 47. Rf8+ Ka7 48. g4 Kb6 49. Rc8 Rc7 50. Rxc7 Kxc7 51. Kxg7 h5 52.
gxh5 g4 53. h6 g3 54. h7 g2 55. h8=Q g1=Q+ 56. Kf6 Qf2+ 57. Ke6 Qb6+ 58. Kf5
Qc5+ 59. Qe5+ {Black is winning but draw agreed} 1/2-1/2

[Event "Summer Cup"]
[Site "Wellington Chess Club"]
[Date "2020.02.27"]
[Round "4.22"]
[White "Gunawan, Geoffrey"]
[Black "Kibblewhite, Daniel"]
[Result "1-0"]
[WhiteElo "1502"]
[BlackElo "1526"]

1. Nf3 d5 2. g3 Nc6 3. Bg2 e5 4. O-O Nf6 5. d3 Bg4 6. c4 dxc4 7. Qa4 cxd3 8.
Nxe5 dxe2 9. Re1 Bb4 10. Bxc6+ bxc6 11. Qxb4 Qd1 12. Bd2 Rd8 13. Nxg4 Nxg4 14.
Qxg4 Qc2 15. Rxe2+ 1-0

[Event "Summer Cup"]
[Site "Wellington Chess Club"]
[Date "2020.02.27"]
[Round "4.23"]
[White "Cooke, Xandi"]
[Black "Shepherd, Blake"]
[Result "0-1"]
[WhiteElo "1467"]
[BlackElo "1614"]

1. d4 d5 2. c4 e6 3. Nc3 Nf6 4. Bf4 c5 5. Nf3 Nc6 6. e3 Nh5 7. g3 cxd4 8. Nxd4
Nxd4 9. Qxd4 Qa5 10. cxd5 Bc5 11. Qe5 Bb4 12. Rc1 Qxd5 13. Qxd5 exd5 14. Be5
O-O 15. Be2 Re8 16. Bd4 Nf6 17. Bxf6 gxf6 18. O-O Bxc3 19. bxc3 Be6 20. a3 Bf5
21. c4 d4 22. Bf3 dxe3 23. Rc3 exf2+ 24. Rxf2 Re1+ 25. Kg2 Be4 26. Bxe4 Rxe4
27. Rxf6 Rc8 28. Rf4 Rxf4 29. gxf4 Kf8 30. Kf3 f5 31. h4 Ke7 32. Ke3 Ke6 33.
Kd4 b6 34. Re3+ Kf6 35. h5 a6 36. a4 Rc5 37. Kc3 Kf7 38. Re1 b5 39. axb5 axb5
40. Rc1 Rxc4+ 41. Kd2 Rxc1 42. Kxc1 Ke6 43. Kc2 Kd5 44. Kb3 Ke4 45. Kb4 Kxf4
46. Kxb5 Kg5 47. Kc5 Kxh5 48. Kd4 Kg4 49. Ke3 Kg3 50. Ke2 f4 51. Kf1 h5 52. Kg1
f3 53. Kf1 f2 54. Ke2 Kg2 55. Ke3 f1=Q 56. Ke4 Qf3+ 57. Ke5 Kg3 58. Ke6 Qf4 59.
Ke7 Qf5 60. Ke8 Qh7 61. Kf8 Kf4 62. Ke8 Kf5 63. Kf8 Ke6 64. Ke8 Qh8# 0-1

[Event "Summer Cup"]
[Site "Wellington Chess Club"]
[Date "2020.02.27"]
[Round "4.24"]
[White "Langford, Josh"]
[Black "Tarzwell, Caleb"]
[Result "1-0"]
[WhiteElo "1413"]
[BlackElo "1500"]

1. e4 c5 2. Nf3 Nc6 3. Nc3 Nf6 4. d4 cxd4 5. Nxd4 d6 6. Bg5 a6 7. Bc4 Qc7 8.
Bb3 h6 9. Bh4 Nd7 10. O-O e6 11. Nxe6 fxe6 12. Qh5+ 1-0

[Event "Summer Cup"]
[Site "Wellington Chess Club"]
[Date "2020.02.27"]
[Round "4.25"]
[White "Stannard, Bobby"]
[Black "Wang, Cheng Qi(Max)"]
[Result "1-0"]
[WhiteElo "1499"]
[BlackElo "1000"]

1. e4 e6 2. d4 d5 3. e5 c5 4. c3 cxd4 5. cxd4 Nc6 6. Bb5 Bd7 7. Nf3 a6 8. Ba4
b5 9. Bb3 Bb4+ 10. Bd2 Bxd2+ 11. Nbxd2 Nge7 12. a4 bxa4 13. Bxa4 Qa5 14. Bxc6
Qc7 15. Bxa8 O-O 16. Rxa6 Bc8 17. Ra3 Bb7 18. Qa1 Bxa8 19. Rxa8 Rxa8 20. Qxa8+
Nc8 21. O-O h6 22. Nb3 Qc2 23. Rc1 Qxb3 24. Rxc8+ Kh7 25. h3 Qd1+ 26. Kh2 Qxd4
27. Nxd4 f6 28. h4 fxe5 29. h5 exd4 30. Rh8# 1-0

[Event "Summer Cup"]
[Site "Wellington Chess Club"]
[Date "2020.02.27"]
[Round "4.26"]
[White "Bielski, Nikolas"]
[Black "Asher, Bruce"]
[Result "1-0"]
[WhiteElo "1000"]
[BlackElo "1159"]

1. c4 e6 2. Nc3 Nf6 3. g3 b6 4. Bg2 Nc6 5. a3 Bb7 6. d3 Bc5 7. b4 Bd4 8. Qd2
O-O 9. e3 Bxc3 10. Qxc3 d5 11. Ne2 Qd6 12. O-O Ne5 13. c5 Qd7 14. Qxe5 Ba6 15.
Rd1 Qa4 16. Bb2 Rac8 17. Qg5 h6 18. Qf4 Qc2 19. Bxf6 gxf6 20. Nd4 Qc3 21. Rac1
Qxa3 22. Qg4+ Kh8 23. b5 Bb7 24. c6 Ba8 25. f4 Rg8 26. Qe2 e5 27. fxe5 fxe5 28.
Qh5 Qd6 29. Nf5 Qg6 30. Qxg6 Rxg6 31. Ne7 Rd8 32. Nxg6+ fxg6 33. Rf1 d4 34.
exd4 exd4 35. Rce1 Kg7 36. Re7+ Kh8 37. Rff7 Kg8 38. Bh3 Rb8 39. Rg7+ Kf8 40.
Ref7+ Ke8 41. Bd7+ 1-0

[Event "Summer Cup"]
[Site "Wellington Chess Club"]
[Date "2020.03.05"]
[Round "5.1"]
[White "Croad, Nicolas"]
[Black "Wastney, Scott"]
[Result "1/2-1/2"]
[WhiteElo "2426"]
[BlackElo "2425"]

1. e4 e5 2. Nf3 Nc6 3. Bb5 a6 4. Ba4 Nf6 5. O-O Be7 6. Re1 b5 7. Bb3 O-O 8. c3
d5 9. d4 dxe4 10. Nxe5 Nxe5 11. dxe5 Qxd1 12. Bxd1 Nd7 13. Bc2 Bb7 14. Nd2 Nxe5
15. Nxe4 Ng6 16. Be3 Rfe8 17. Rad1 Bc6 18. Nc5 Bd6 19. Bxg6 hxg6 20. Bd4 a5 21.
a3 Bxc5 1/2-1/2

[Event "Summer Cup"]
[Site "Wellington Chess Club"]
[Date "2020.03.05"]
[Round "5.2"]
[White "Sellen, Ian"]
[Black "Dive, Russell"]
[Result "0-1"]
[WhiteElo "2022"]
[BlackElo "2433"]

1. c4 e5 2. Nc3 Nc6 3. Nf3 d6 4. d4 exd4 5. Nxd4 Nf6 6. e4 g6 7. Be2 Bg7 8. Be3
O-O 9. f3 Nd7 10. Qd2 Nde5 11. O-O f5 12. f4 Nxd4 13. Bxd4 Nc6 14. Bxg7 Kxg7
15. Bf3 Be6 16. Nd5 Bxd5 17. exd5 Nb8 18. Rfe1 Nd7 19. Re3 Re8 20. Rae1 Rxe3
21. Rxe3 Qf6 22. Re6 Qf7 23. Qc3+ Kg8 24. b4 b6 25. Qe3 Kf8 26. Qc3 a5 27. a3
axb4 28. axb4 Kg8 29. Kf2 Ra2+ 30. Kg3 Nf8 31. Re3 Ra7 32. c5 bxc5 33. bxc5 g5
34. Qc4 Ng6 35. Kf2 Nxf4 36. cxd6 cxd6 37. Qc8+ Kg7 38. Qc3+ Qf6 39. Qxf6+ Kxf6
40. g3 Nh3+ 41. Kg2 g4 42. Re6+ Kg5 43. Bd1 Ra1 44. Re1 f4 45. Kf1 f3 46. Bc2
Rxe1+ 47. Kxe1 h5 48. Bd3 Kf6 49. Bh7 Ng5 50. Bc2 Nf7 51. Kf2 Nh6 52. Bd3 Nf5
53. h3 Ke5 54. hxg4 hxg4 55. Bb1 Ne7 0-1

[Event "Summer Cup"]
[Site "Wellington Chess Club"]
[Date "2020.03.05"]
[Round "5.3"]
[White "Ker, Anthony"]
[Black "Stone, Andrew"]
[Result "1-0"]
[WhiteElo "2436"]
[BlackElo "2038"]

1. e4 e5 2. Nf3 Nc6 3. d4 exd4 4. Bc4 Nf6 5. e5 d5 6. Bb5 Ne4 7. Nxd4 Bd7 8.
Bxc6 bxc6 9. O-O Be7 10. f3 Nc5 11. f4 Ne4 12. f5 c5 13. Ne2 Bb5 14. Na3 Bc6
15. c4 O-O 16. cxd5 Qxd5 17. Qxd5 Bxd5 18. Nf4 c6 19. b3 Rfe8 20. Be3 Bg5 21.
Rfe1 Rxe5 22. Nxd5 Rxd5 23. Bxg5 Nxg5 24. h4 Rxf5 25. hxg5 Rxg5 26. Re7 h5 27.
Rd1 h4 28. Kh2 a5 29. Nc4 Rd5 30. Rf1 Rf8 31. Nxa5 Rd2 32. a4 Rd3 33. Rb7 f5
34. Nxc6 g5 35. Ne7+ 1-0

[Event "Summer Cup"]
[Site "Wellington Chess Club"]
[Date "2020.03.05"]
[Round "5.4"]
[White "Sole, Michael"]
[Black "Winter, Ryan"]
[Result "0-1"]
[WhiteElo "2014"]
[BlackElo "2120"]

1. e4 c6 2. d4 d5 3. e5 c5 4. dxc5 e6 5. a3 Nc6 6. Nf3 Bxc5 7. b4 Be7 { An
interesting sideline, compared to 7...Bb6 which is by far the most common move.
Be7 followed by ...f6 seemed like an interesting idea, so I decided to go for
it against Michael Since I knew he had prepared for me extensively, so playing
a sideline seemed like a good idea.} 8. Bb2 f6 9. Bd3 Nh6 { Knight is coming to
f7, where it puts pressure on the e5 square, which helps prevent a white
blockade on this square, and just control some squares. Bishop is no longer on
c1, so Bxh6 is also not possible. } 10. O-O Nf7 11. exf6 { Another benefit of
Nh6-f7 is that white can't hold the e5 pawn in the centre. } 11... Bxf6 12.
Bxf6 Qxf6 13. Nbd2 O-O 14. c4 Bd7 15. Qc2 $19 {Azarov - Kuzubov 2016  }  (15.
Qb3 {Was played by a 2580 GM, and lead to an interesting position after} 15...
dxc4 16. Nxc4 e5 17. Be4 Be6 18. Qc2 Rac8 $5 19. Bxh7+ $6 {A very risky pawn to
take!} 19... Kh8 20. Ncd2 $2 Ne7 21. Qd3 Rfd8 22. Qe3 Kxh7) 15... g6 16. Rfe1 {
I wasn't sure about this move, weakens f2, which seems to make my Nfe5 ideas
much stronger.}  (16. Rad1 {Seemed much more natural and better.} ) 16... Rad8
(16... Nfe5 $5) 17. Nb3 $6 Nfe5 18. Nxe5 Nxe5 19. Rf1 $2 (19. Nc5 {I was
considering this move for awhile, but missed some tactical ideas:} 19... Ng4
20. Rf1 Qe5 21. g3 Rxf2) 19... Ba4 20. cxd5 $4 (20. c5 {Was required} ) 20...
Rc8 $1 $19 { Nxd3 and Rc3 is a big problem that White cannot solve } 21. Qb1
Nxd3 22. Qxd3 Rc3 23. Qd4 Bxb3 24. Qxa7 Bxd5 25. a4 Qg5 0-1

[Event "Summer Cup"]
[Site "Wellington Chess Club"]
[Date "2020.03.05"]
[Round "5.5"]
[White "Jackson, Ross"]
[Black "Pomeroy, Arthur"]
[Result "0-1"]
[WhiteElo "1993"]
[BlackElo "2055"]

1. d4 Nf6 2. c4 g6 3. f3 Bg7 4. e4 d6 5. Bd3 O-O 6. Be3 Nc6 7. Nc3 a6 8. Nge2
Rb8 9. O-O Bd7 10. Rc1 Nb4 11. Bb1 b5 12. a3 Nc6 13. cxb5 axb5 14. b4 e5 15. d5
Ne7 16. Ba2 Nh5 17. g4 Nf6 18. Kg2 Bxg4 19. fxg4 Nxg4 20. Qd2 f5 21. h3 Nf6 22.
Qd3 f4 23. Ba7 Rb7 24. Nxb5 Qd7 25. Bc4 g5 26. Bf2 g4 27. Ng1 Ng6 28. h4 {Can't
work out the rest sorry} 0-1

[Event "Summer Cup"]
[Site "Wellington Chess Club"]
[Date "2020.03.05"]
[Round "5.6"]
[White "Nyberg, Michael"]
[Black "Hall, Nathan"]
[Result "1-0"]
[WhiteElo "2114"]
[BlackElo "1871"]

1. e4 e6 2. d3 d5 3. Nd2 Nf6 4. e5 Nfd7 5. d4 c5 6. c3 Nc6 7. Ne2 Be7 8. f4 Qb6
9. Nf3 cxd4 10. cxd4 a5 11. Nc3 f6 12. Be2 O-O 13. a3 fxe5 14. fxe5 Rxf3 15.
Bxf3 Nxd4 16. Na4 Nxf3+ 17. Qxf3 Qc6 18. O-O Nxe5 19. Qh5 Qxa4 20. Qxe5 Bf6 21.
Qg3 Bd4+ 22. Kh1 Qe8 23. a4 e5 24. Bh6 e4 25. Rad1 Be5 26. Qg5 d4 27. Rc1 Kh8
28. Qxe5 1-0

[Event "Summer Cup"]
[Site "Wellington Chess Club"]
[Date "2020.03.05"]
[Round "5.7"]
[White "Cilia Vincenti, David"]
[Black "Laking, Robert"]
[Result "1-0"]
[WhiteElo "2265"]
[BlackElo "1940"]

1. d4 d5 2. c4 e6 3. Nc3 Nf6 4. cxd5 exd5 5. Bg5 Be7 6. e3 O-O 7. Bd3 c6 8. Qc2
Nbd7 9. Nge2 Re8 10. O-O Nf8 11. f3 h6 12. Bh4 Ne6 13. Kh1 b5 14. Rad1 a5 15.
e4 Ba6 16. e5 Nd7 17. Bxe7 Rxe7 18. f4 b4 19. Na4 Bxd3 20. Qxd3 Nb6 21. Nxb6
Qxb6 22. Ng3 Nc7 23. f5 c5 24. f6 c4 25. Qf3 Rd7 26. fxg7 a4 27. Nh5 Ne8 28.
Qh3 f5 29. Qxf5 Rxg7 30. Qf8+ Kh7 31. Nxg7 Nxg7 1-0

[Event "Summer Cup"]
[Site "Wellington Chess Club"]
[Date "2020.03.05"]
[Round "5.8"]
[White "Lyall, Gordon"]
[Black "Wojnar, Maciej"]
[Result "0-1"]
[WhiteElo "1915"]
[BlackElo "2100"]

1. Nf3 f5 2. c4 Nf6 3. g3 e6 4. Bg2 d5 5. b3 Bd6 6. Ba3 O-O 7. c5 Be7 8. O-O
Ne4 9. Qc2 a5 10. d4 Nc6 11. Nc3 Bd7 12. Bb2 Be8 13. Nxe4 fxe4 14. Ne5 Nxe5 15.
dxe5 Bg6 16. e3 Bh5 17. a3 Qe8 18. b4 a4 19. Bd4 Bf3 20. Rfc1 Qh5 21. Ra2 Qh6
22. h3 Rf5 23. Kh2 Rh5 24. Rh1 Bg4 25. Kg1 Bxh3 26. Bxh3 Rxh3 27. Rxh3 Qxh3 28.
b5 Rf8 29. Qe2 Rf5 30. Qf1 Qg4 31. Qe2 Qg6 32. Kg2 h5 33. Ra1 h4 34. g4 Rf3 35.
Rg1 Qxg4+ 36. Kf1 Qf5 37. c6 bxc6 38. bxc6 h3 39. Rh1 Bh4 40. Rh2 Bg3 0-1

[Event "Summer Cup"]
[Site "Wellington Chess Club"]
[Date "2020.03.05"]
[Round "5.9"]
[White "Yu, Johnson"]
[Black "Benitez, Edgar"]
[Result "0-1"]
[WhiteElo "1193"]
[BlackElo "2037"]

1. d4 Nf6 2. c4 e6 3. Nc3 b6 4. e4 Bb7 5. e5 Ne4 6. Qc2 Bb4 7. f3 Qh4+ 8. g3
Nxg3 9. Qf2 Nf5 10. Be3 Nc6 11. O-O-O Be7 12. Qd2 Nxe3 13. Re1 Nxf1 14. Rxf1
Qxd4 0-1

[Event "Summer Cup"]
[Site "Wellington Chess Club"]
[Date "2020.03.05"]
[Round "5.10"]
[White "He, Paul"]
[Black "Winfield, Alan"]
[Result "0-1"]
[WhiteElo "1931"]
[BlackElo "1911"]

1. c4 f5 2. g3 e5 3. Bg2 Nc6 4. e3 Nf6 5. Ne2 Be7 6. Nbc3 O-O 7. O-O d6 8. b3
Bd7 9. Ba3 a5 10. d4 Re8 11. dxe5 dxe5 12. Bxe7 Qxe7 13. Nd5 Nxd5 14. cxd5 Nb4
15. a3 Na6 16. Nc3 e4 17. Qc2 Kh8 18. Rfd1 Nc5 19. Bf1 Rad8 20. Rac1 c6 21. Nb1
Nd3 22. Bxd3 exd3 23. Rxd3 cxd5 24. Rxd5 Rc8 25. Rc5 Rxc5 26. Qxc5 Qe4 27. Nd2
Qd3 28. Qxa5 Bc6 29. Rc4 Qe2 30. Rc1 Qd3 31. Qc3 Qd5 32. f3 Rd8 33. Rc2 Qd6 34.
b4 Ba4 35. Rc1 h6 36. Nc4 Qc6 37. Kf2 Rc8 38. Qd2 b5 0-1

[Event "Summer Cup"]
[Site "Wellington Chess Club"]
[Date "2020.03.05"]
[Round "5.12"]
[White "Chen, Wei Kai"]
[Black "Farrington, Lawrence"]
[Result "1-0"]
[WhiteElo "1930"]
[BlackElo "1646"]

1. e4 e6 2. d4 d5 3. Nd2 Nf6 4. e5 Nfd7 5. f4 c5 6. Ngf3 Nc6 7. c3 Qb6 8. Nb3
cxd4 9. Nbxd4 Bc5 10. Be2 Nxd4 11. cxd4 Bb4+ 12. Bd2 O-O 13. O-O Bxd2 14. Qxd2
Qd8 15. Rac1 Nb6 16. b3 Bd7 17. Bd3 h6 18. Rc5 Bc6 19. f5 exf5 20. Bxf5 Qe7 21.
Qf4 Nd7 22. Rc3 Rae8 23. Qg4 Nb6 24. Re1 Bd7 25. Bxd7 Qxd7 26. Qxd7 Nxd7 27.
Rc7 Nb6 28. Rxb7 Ra8 29. e6 fxe6 30. Rxe6 Rf7 31. Ree7 Rxe7 32. Rxe7 Kf8 33.
Rb7 Nc8 34. Ne5 Ne7 35. Kf2 a5 36. g4 g5 37. Rb6 Rc8 38. Nd7+ Kg7 39. Nc5 Rf8+
40. Ke3 Rc8 41. a4 Ng6 42. b4 axb4 43. Rxb4 Re8+ 44. Kd2 Nf4 45. a5 Re2+ 46.
Kc3 Rxh2 47. a6 Ne2+ 48. Kb3 Nc1+ 49. Ka4 Ra2+ 50. Kb5 Ne2 51. Na4 Rc2 52. a7
Rc8 53. Nb6 Nc3+ 54. Ka6 Rd8 55. a8=Q Rxa8+ 56. Nxa8 h5 57. gxh5 g4 58. Rb6 1-0

[Event "Summer Cup"]
[Site "Wellington Chess Club"]
[Date "2020.03.05"]
[Round "5.12"]
[White "He, Caleb"]
[Black "Rabina, Romeo"]
[Result "1-0"]
[WhiteElo "1913"]
[BlackElo "1616"]

1. c4 e6 2. g3 b6 3. Bg2 Nc6 4. Nf3 Bb7 5. O-O Be7 6. d4 d6 7. d5 Ne5 8. Nxe5
dxe5 9. dxe6 Bxg2 10. exf7+ Kxf7 11. Kxg2 Nf6 12. Nc3 c6 13. Qb3 Re8 14. c5+
Kf8 15. Rd1 Qc7 16. cxb6 axb6 17. Be3 Rab8 18. Rac1 Qb7 19. f3 b5 20. Ne4 Nd5
21. Bc5 Rbd8 22. Bxe7+ Rxe7 23. Nc5 Qc8 24. e4 Nc7 25. Rxd8+ Qxd8 26. Rd1 Qc8
27. Rd6 Qe8 28. Qd3 1-0

[Event "Summer Cup"]
[Site "Wellington Chess Club"]
[Date "2020.03.05"]
[Round "5.13"]
[White "Carroll, Lewis"]
[Black "Ross, Matt"]
[Result "1-0"]
[WhiteElo "1574"]
[BlackElo "1904"]

1. e4 e5 2. Nf3 Nf6 3. Nxe5 Nc6 4. Nxc6 dxc6 5. e5 Ng4 6. d4 c5 7. h3 Nh6 8. d5
Bf5 9. Bc4 Qe7 10. O-O O-O-O 11. f4 Qh4 12. a4 Be7 13. a5 g5 14. a6 b6 15. d6
Bxd6 16. exd6 Rxd6 17. Qf3 c6 18. fxg5 Qxc4 19. gxh6 Be4 20. Qc3 Qxc3 21. Nxc3
Bg6 22. Bf4 Rd7 23. Rad1 Rhd8 24. Rxd7 Rxd7 25. Rf2 Re7 26. Bg5 Re1+ 27. Kh2
Ra1 28. Rf6 Kd7 29. Bf4 Rxa6 30. Rd6+ Ke7 31. Rxc6 Bxc2 32. Nd5+ Kd8 33. Rd6+
Kc8 34. Ne7+ Kb7 35. Rd7+ Ka8 36. Rd8+ Kb7 37. Rb8# 1-0

[Event "Summer Cup"]
[Site "Wellington Chess Club"]
[Date "2020.03.05"]
[Round "5.14"]
[White "Aldridge, Alan"]
[Black "Symon, Christopher"]
[Result "0-1"]
[WhiteElo "1893"]
[BlackElo "1300"]

1. e4 c5 2. Nf3 Nc6 3. Bb5 g6 4. O-O Bg7 5. Re1 e5 6. c3 Nge7 7. Na3 O-O 8. Nc2
d5 9. exd5 Qxd5 10. Ne3 Qd8 11. Nc2 a6 12. Bf1 Bf5 13. d3 Re8 14. Be3 c4 15. d4
b5 16. Qe2 Bd3 17. Qd2 e4 18. Ng5 Nd5 19. Nh3 f5 20. Nf4 Nxe3 21. fxe3 Bh6 22.
g3 Qd6 23. Rac1 Bxf1 24. Rxf1 Ne5 25. Ne1 Nd3 26. Rc2 Rac8 27. Neg2 Rf8 28. b3
Rc7 29. bxc4 bxc4 30. Nxd3 exd3 31. Rb2 Re8 32. Qf2 Qa3 33. Nf4 Rce7 34. Nd5
Bxe3 35. Nxe3 Rxe3 36. Rfb1 Qxc3 37. Qg2 Re1+ 0-1

[Event "Summer Cup"]
[Site "Wellington Chess Club"]
[Date "2020.03.05"]
[Round "5.15"]
[White "Stoeveken, Peter"]
[Black "Gunawan, Geoffrey"]
[Result "1-0"]
[WhiteElo "1834"]
[BlackElo "1502"]

1. d4 Nf6 2. Bg5 d5 3. Nf3 e6 4. e3 Nbd7 5. Bd3 c6 6. c3 Bd6 7. Qc2 Qc7 8. Nbd2
h6 9. Bh4 O-O 10. c4 b6 11. Rc1 Bb7 12. O-O c5 13. Rfe1 cxd4 14. exd4 Rac8 15.
Qd1 Ba6 16. Qa4 Qb7 17. b4 Bxc4 18. Nxc4 dxc4 19. Bxc4 g5 20. Ba6 Bxh2+ 21.
Kxh2 Qb8+ 22. Bg3 Ng4+ 23. Kg1 b5 24. Qb3 Rxc1 25. Bxb8 Rxe1+ 26. Nxe1 Rxb8 27.
Qd3 {White won in a few more moves} 1-0

[Event "Summer Cup"]
[Site "Wellington Chess Club"]
[Date "2020.03.05"]
[Round "5.16"]
[White "Winsley, Nicholas"]
[Black "Brockway, Andrew"]
[Result "1-0"]
[WhiteElo "1565"]
[BlackElo "1823"]

1. e4 c5 2. Nf3 g6 3. d4 cxd4 4. Nxd4 Nc6 5. Be3 Bg7 6. Nc3 Nf6 7. Bc4 O-O 8.
f3 a6 9. Qd2 Qc7 10. Bb3 Na5 11. O-O-O Nc4 12. Bxc4 Qxc4 13. h4 b5 14. Kb1 d5
15. e5 Ne8 16. f4 Bg4 17. b3 Qc8 18. Nxd5 Qb7 19. Nc6 Kh8 20. Ndxe7 Bxd1 21.
Qxd1 h5 22. g4 hxg4 23. h5 Bh6 24. hxg6 Kg7 25. Qxg4 f6 26. Rxh6 f5 27. Rh7#
1-0

[Event "Summer Cup"]
[Site "Wellington Chess Club"]
[Date "2020.03.05"]
[Round "5.17"]
[White "Stannard, Lars"]
[Black "Loke, Kayden"]
[Result "1-0"]
[WhiteElo "1511"]
[BlackElo "1694"]

1. d4 Nf6 2. Bf4 d5 3. Nf3 Bf5 4. e3 c5 5. Bb5+ Nc6 6. O-O Qb6 7. Bxc6+ bxc6 8.
b3 Bg4 9. h3 Bxf3 10. Qxf3 cxd4 11. c3 dxe3 12. Bxe3 Qc7 13. Bc5 e5 14. Bxf8
Rxf8 15. Nd2 e4 16. Rfe1 O-O-O 17. Qe3 Qb6 18. Qg5 Rg8 19. c4 Qd4 20. Rad1 dxc4
21. bxc4 h6 22. Qf4 Nh5 23. Qf5+ Kb8 24. Qxh5 Qb2 25. Rb1 Rxd2 26. Rxb2+ Rxb2
27. Qe5+ Ka8 28. Qxb2 f5 29. Rb1 Rb8 30. Qxb8# 1-0